Australia - Quiz na mapie - Statystyki

Ogólne statystyki
  • Ten quiz został rozwiązany 840 razy
  • Średni wynik to 6 z 8
Odpowiedzi na mapie
Odpowiedzi zakodowano w zielono-czerwonej skali na mapie do tego quizu, zgodnie z poniższymi procentami.
 
Statystyki odpowiedzi
Odpowiedź % Poprawnych
Australia Zachodnia
85%
Australia Północna
84%
Australia Południowa
83%
Tasmania
82%
Australijskie Terytorium Stołeczne
66%
Nowa Południowa Walia
60%
Queensland
59%
Wiktoria
49%
Nie znaleziono quizów pasujących do podanych kryteriów
Rozkład punktacji
Procent ludzi z każdym wynikiem
Percentyl według liczby udzielonych odpowiedzi
Twoja historia wyników
Nie rozwiązałeś tego quizu